| 000 | 00861nam1a2200289 i 4500 | ||
|---|---|---|---|
| 001 | RU\NLR\bibl\87549 | ||
| 005 | 20240919235934.0 | ||
| 035 | _a(NLR Aleph) 000085517 | ||
| 090 |
_a477859 _c477859 |
||
| 100 | _a20000522g19999999u y0rusy50 ca | ||
| 101 | 0 | _arus | |
| 102 | _aRU | ||
| 105 | _ay ||||||||| | ||
| 200 | 1 |
_aСоветы-приметы белой магии _fЭльвира Самофалова |
|
| 210 |
_aСПб. _cДИЛЯ _d1999 |
||
| 215 | _d20 | ||
| 225 | 1 | _aУроки магии | |
| 463 | 0 | _100180668 | |
| 463 | 0 | _100195433 | |
| 606 | 0 |
_aМагия белая _92130900 _3RU\NLR\auth\661285559 |
|
| 686 | _aЭ240.03 | ||
| 700 | 1 |
_aСамофалова _bЭ. Л. _gЭльвира Леонтьевна _4070 |
|
| 801 | 0 |
_aRU _bNLR _c20000522 _gPSBO |
|
| 801 | 1 |
_aRU _bNLR _c20000522 |
|
| 852 |
_aNLR _j2000-3/2933 |
||
| 942 | _cBOOK | ||